<?xml version="1.0" encoding="UTF-8"?>
<collection xmlns="http://www.loc.gov/MARC21/slim">
 <record>
  <leader>00988nam a2200193 a 4500</leader>
  <controlfield tag="001">1/43299</controlfield>
  <controlfield tag="008">130222s2011    lu a          00010 eng d</controlfield>
  <datafield tag="020" ind1=" " ind2=" ">
   <subfield code="a">9789279200267</subfield>
  </datafield>
  <datafield tag="035" ind1=" " ind2=" ">
   <subfield code="l">46200</subfield>
  </datafield>
  <datafield tag="040" ind1=" " ind2=" ">
   <subfield code="a">DLC</subfield>
   <subfield code="b">GR-PeUP</subfield>
  </datafield>
  <datafield tag="082" ind1="0" ind2="0">
   <subfield code="a">KET 333.720 94 ΕΥΡ</subfield>
  </datafield>
  <datafield tag="245" ind1="0" ind2="0">
   <subfield code="a">LIFE preventing species extinction :</subfield>
   <subfield code="b">safeguarding endangered flora and fauna through ex-situ conservation /</subfield>
   <subfield code="c">Ευρωπαϊκή Επιτροπή.</subfield>
  </datafield>
  <datafield tag="260" ind1="0" ind2=" ">
   <subfield code="a">Λουξεμβούργο :</subfield>
   <subfield code="b">Υπηρεσία Εκδόσεων της Ευρωπαϊκής Ένωσης,</subfield>
   <subfield code="c">2011.</subfield>
  </datafield>
  <datafield tag="300" ind1=" " ind2=" ">
   <subfield code="a">56 σ. :</subfield>
   <subfield code="b">πιν. ;</subfield>
   <subfield code="c">30 εκ.</subfield>
  </datafield>
  <datafield tag="650" ind1=" " ind2="4">
   <subfield code="a">Περιβάλλον</subfield>
   <subfield code="x">Προστασία.</subfield>
  </datafield>
  <datafield tag="650" ind1=" " ind2="4">
   <subfield code="a">Αγρια ζώα</subfield>
   <subfield code="x">Προστασία.</subfield>
  </datafield>
  <datafield tag="710" ind1="2" ind2=" ">
   <subfield code="a">Ευρωπαϊκή Επιτροπή.</subfield>
  </datafield>
  <datafield tag="852" ind1=" " ind2=" ">
   <subfield code="a">INST</subfield>
   <subfield code="b">UNIPILB</subfield>
   <subfield code="c">KET</subfield>
   <subfield code="e">20130222</subfield>
   <subfield code="h">KET 333.720 94 ΕΥΡ</subfield>
   <subfield code="p">00165134</subfield>
   <subfield code="q">00165134</subfield>
   <subfield code="t">LOAN</subfield>
   <subfield code="y">0</subfield>
   <subfield code="4">1</subfield>
  </datafield>
  <datafield tag="856" ind1="4" ind2="1">
   <subfield code="u">http://bookshop.europa.eu/en/life-preventing-species-extinction-pbKHAJ11003/?CatalogCategoryID=r1sKABstjgMAAAEjvIYY4e5K</subfield>
  </datafield>
 </record>
</collection>
